000 01259nam a22003017a 4500
003 OSt
005 20230516125718.0
008 230516b |||||||| |||| 00| 0 eng d
040 _cLado V
082 _2708
_aM595c
100 _9827
_aMetternich, Alain
_edirector
245 _aConnaissance des ARTS/
260 _aBelgica
_aCanada
_aGran Bretaña
_aItalia
_aEspaña
_aPortugal
_aChile
_bPresse Payante
_c2006
300 _a178p.
_c22x29cm
490 _a644
_v2006
505 _aactualites
_tNos beaux-livres de Noel
505 _aPortafolio
_tVerres Art Nouveau
505 _aExpositions
_tL'evenement Visite d'atelier l'oeil de Miguel Zugaza collection privee recit d' une vie carnet de voyage analyse de style art et societe etude d'une oeuvre savoir-faire histoire d'un lieu
505 _aamateur d'art
505 _abibliotheque
505 _acourrier des lecteures
650 _2Tesauro de Arte & Arquitectura
_aCATALOGO
650 _2Tesauro de Arte & Arquitectura
_aREVISTA
650 _2Tesauro de Arte & Arquitectura
_aARTE INTERNACIONAL
650 _2Tesauro de Arte & Arquitectura
_aCRITICA
651 _2Tesauro de Arte & Arquitectura
_aFRANCIA
942 _2ddc
_c1
_h708
_iM595c
_n0
999 _c3578
_d3578